Quick pickles : easy recipes with big flavor
| Main Author: | |
|---|---|
| Other Authors: | , |
| Format: | Book |
| Published: |
San Francisco :
Chronicle Books ,
c2001
|
| Subjects: |
MARC
| LEADER | 00000cam a2200000 7i4500 | ||
|---|---|---|---|
| 001 | 0000009764 | ||
| 005 | 20050503.0 | ||
| 020 | |a 0811830152 | ||
| 040 | |a INS | ||
| 090 | 0 | 0 | |a TX805. |b S35 2001 |
| 100 | 1 | |a Schlesinger, Chris | |
| 245 | 1 | 0 | |a Quick pickles : |b easy recipes with big flavor |c Chris Schlesinger |
| 260 | |a San Francisco : |b Chronicle Books , |c c2001 | ||
| 300 | |a 132p. ; |c 21cm. | ||
| 650 | 0 | 0 | |a Canning and preserving |
| 650 | 0 | 0 | |a Pickles |
| 700 | 1 | |a George, Dan | |
| 700 | 1 | |a Willoughby, John | |
| 999 | |a 0000008513 |b BOOK |c Open Shelf |e Default branch | ||